Statistiken für Das Abkürzungs Spiel

Klicken Sie hier um das Quiz zu spielen!

Allgemein

  • Dieses Quiz wurde 202 mal gespielt
  • Das Durchschnittsergebnis liegt bei 4 aus 7

Antwortstatistiken

AbkürzungLösung% Korrekt
KripoKriminal Polizei
99%
SpusiSpurensicherung
87%
RTWRettungswagen
83%
KTUKriminaltechnische Untersuchung
55%
SOKOSonder Komission
47%
SEKSonder Einsatz Komando
44%
KTKriminaltechnik
33%

Verteilung der Resultate

Perzentil nach korrekt beantworteten Fragen

Anzahl Personen mit jedem Resultat

Ihre Resultats-Entwicklung

Sie haben dieses Quiz noch nicht gespielt